000 00511nam a2200181Ia 4500
001 21280
005 20260306172907.0
008 260306t2023||||xx |||||||||||||| ||spa||
041 _aESP
082 _a344.522
_bP26
100 _aParedes Infanzón, Jelio,
_eAUT
245 0 _aDelitos sexuales :
_bcomentario a la jurisprudencia aplicable a los artículos 170 al 183 del código penal
260 _c2023
300 _a591 páginas :
_c25 cm.
650 _aGEN
654 _aCDE
942 _cLIB
_dJUS
_fJUS
_2ddc
_n
999 _c21280
_d21280